| 000 | 00479nam a22001817a 4500 | ||
|---|---|---|---|
| 003 | MPLRDC | ||
| 005 | 20220104174420.0 | ||
| 008 | 210129b ||||| |||| 00| 0 eng d | ||
| 020 | _a0-7472-6070-2 | ||
| 082 | _a870.57 CLAN | ||
| 100 | _aTOM CLANCY, STEVE PIECZENIK | ||
| 245 |
_aTOM CLANCY'S NET FORCE EXPLORERS: THE DEADLIEST GAME _c |
||
| 250 | _a初版 | ||
| 260 |
_a _bHEADLINE BOOK PUBLISHING _c1998 |
||
| 300 | _b平 | ||
| 650 | _aFICTION | ||
| 942 |
_cBK _o870.57 CLAN |
||
| 999 |
_c59857 _d59847 |
||